00815nam a2200157 a 450000100060000000300090000600800410001502000130005604000280006911000140009724500150011126000410012650000540016750504100022165000260063115752CO-ViMGA141112s2004 ck r 000 u spa d a01236326 aCO-ViMGAbspacCO-ViMGA aEl Tiempo10aPORTAFOLIO aBogotá, ccasa editorial el Tiempo aSolicitar el ejemplar de la tabla de contenido.  aPORTAFOLIO MAYO 7 - 2003 : Maratón en el plan de desarrollo - La WWW cumplió diez años PORTAFOLIO MAYO 8 - 2003 : Una mirada a los niños desatentos, deficit de atención - Oficina del futuro, adiós a los papeles y bienvenidos los bits - Supervisan niños vía satelite, GPS - Accidentes de trabajo se crecen PORTAFOLIO MAYO 9 - 2003 : Compruebelo el vino ecológico bien se merece una copa14aEconomía Y NEGOCIOS